Missing Word: 2-Word Novel Titles Quiz Stats

Quiz Updated Mar 9, 2016

Challenge
Share
Tweet
Embed
Score 0/30 Timer 04:00
0 Plays Today
Novel Missing Word % Correct
___ QuixoteDon
95.3%
___ CopperfieldDavid
93.4%
___ EyreJane
93.1%
Wuthering ___Heights
93.1%
Oliver ___Twist
90.1%
___ CrusoeRobinson
89.8%
___ LongstockingPippi
82.4%
___ 451 Fahrenheit
79.2%
Watership ___Down
78.3%
___ KareninaAnna
77.9%
Slaughterhouse- ___Five
77.8%
___ BovaryMadame
70.8%
Brideshead ___Revisited
59.9%
___ IndemnityDouble
57.5%
Tobacco ___Road
51.1%
Novel Missing Word % Correct
Finnegans ___Wake
49.5%
Peyton ___Place
48.6%
Gorky ___Park
47.2%
Absalom, ___!Absalom
43.6%
Silas ___Marner
43%
___ DooneLorna
40.6%
___ FowlArtemis
38.1%
___ DallowayMrs.
37.4%
Portnoy's ___Complaint
31.3%
___ √ĀntoniaMy
30.9%
Gravity's ___Rainbow
29.5%
___ BathgateBilly
27.1%
Winesburg, ___Ohio
16.9%
___ ShandyTristram
14.3%
Humboldt's ___Gift
6.9%

Today's Daily Dose

You're not logged in!

Compare scores with friends on all Sporcle quizzes.
Join for Free
OR
Log In

You Might Also Like...

Show Comments

Extras

Top Quizzes Today


Score Distribution

Your Account Isn't Verified!

In order to create a playlist on Sporcle, you need to verify the email address you used during registration. Go to your Sporcle Settings to finish the process.

Report this User

Report this user for behavior that violates our Community Guidelines.

Details: